000 01162 #a2200217 #4500
001 BNM000013
005 20250714091141.0
008
040 _aAR-C50180D0
100 1 _aAstrada, Carlos
_91245
245 1 0 _aMetafísica de la pampa /
_cCarlos Astrada.
260 _aBuenos Aires :
_bBiblioteca Nacional ,
_c2007.
300 _a174 p.
_b19 cm.
440 _aReediciones y antologa̕s
_v3
_91246
500 _aMención de responsabilidad tomada de tapa
500 _aContenido: Sustrato nacional y universalidad de la filosofía̕. Para una metafísica de la pampa. Martín Fierro y el mito de los argentinos. Leopoldo Lugones y su valoración̤ de lo argentino. El numen del paisaje. Los signos rn͠icos del silencio. Meditación̤ de Rumipal. Historicidad de la naturaleza. La escatologa̕ mt̕ica. La escatologa̕ de las culturas mt̕icas americanas. El renaciomiento del mito. Sociología de la guerra y filosofía de la paz. Apnédice. El numen pampero. El debte entre Carlos Astrada y Ernesto Grassi sobre la historicidad de la naturaleza
650 _91522
_aENSAYO
942 _2ddc
_cLIBRO
999 _c459
_d459
980 _82
_gVirginia Figueroa